North Slope Borough, AK - All Communities - Statistics

General Stats
  • This quiz has been taken 3 times
  • The average score is 3 of 9
Answer Stats
Communities % Correct
Utqiagvik
100%
Atqasuk
50%
Kaktovik
50%
Point Lay
50%
Anaktuvul Pass
0%
Nuiqsut
0%
Point Hope
0%
Prudhoe Bay
0%
Wainwright
0%
No matching quizzes found
Score Distribution
Percent of People with Each Score
Percentile by Number Answered
Your Score History
You have not taken this quiz